000
00310nam a22001337a 4500
008
171020b xxu||||| |||| 00| 0 eng d
020
_a
1883249449
041
_a
eng
080
_a
338
100
_a
54
101
_a
MNG
245
_a
SECONDARY MARKET AND PORTFOLIO MANAGEMENT
_c
FABOZZI, F.J
942
_2
udc
_c
BK
999
_c
35227
_d
35227